Flags With Plants - Statistics

General Stats
  • This quiz has been taken 16 times
  • The average score is 17 of 19
Answer Stats
Picture Answer % Correct
Canada
100%
Cyprus
100%
Fiji
100%
Lebanon
100%
Mexico
100%
Spain
100%
Dominica
93%
Ecuador
93%
Grenada
93%
San Marino
93%
Belize
86%
Guatemala
86%
Haiti
86%
Moldova
86%
Dominican Republic
79%
El Salvador
79%
Eritrea
79%
Paraguay
79%
Equatorial Guinea
71%
No matching quizzes found
Score Distribution
Percent of People with Each Score
Percentile by Number Answered
Your Score History
You have not taken this quiz